Fast Typing 1 to 200! - Statistics

General Stats
  • This quiz has been taken 178 times
  • The average score is 128 of 200
Answer Stats
Answer % Correct
1
100%
2
100%
3
100%
12
98%
9
98%
10
97%
4
97%
5
97%
6
97%
7
97%
8
97%
14
95%
15
95%
11
93%
13
93%
16
93%
17
93%
18
93%
19
93%
20
92%
21
92%
22
92%
23
92%
25
92%
30
92%
32
92%
24
90%
26
90%
27
90%
28
90%
29
90%
31
90%
33
90%
34
90%
38
89%
43
89%
53
87%
63
87%
36
85%
37
85%
40
85%
45
85%
54
85%
56
85%
58
85%
35
84%
39
84%
41
84%
42
84%
44
84%
46
84%
50
84%
55
84%
57
84%
60
84%
62
84%
47
82%
48
82%
49
82%
51
82%
52
82%
59
82%
61
82%
64
82%
65
82%
66
82%
73
82%
67
80%
100
79%
70
79%
71
79%
72
79%
69
77%
77
77%
78
77%
83
77%
68
75%
74
75%
75
75%
76
75%
80
75%
90
75%
91
75%
94
75%
95
75%
98
75%
99
75%
81
74%
82
74%
88
74%
93
74%
96
74%
97
74%
101
72%
79
72%
84
72%
87
72%
92
72%
104
70%
111
70%
85
70%
86
70%
89
70%
102
69%
103
69%
105
69%
106
69%
107
69%
108
69%
109
69%
112
69%
110
67%
113
67%
120
67%
121
67%
123
67%
114
66%
118
66%
115
64%
116
64%
117
64%
119
64%
133
61%
122
59%
124
59%
125
57%
127
57%
128
57%
130
57%
131
57%
132
57%
126
56%
129
56%
134
54%
135
54%
140
54%
144
54%
136
52%
137
52%
138
52%
139
52%
141
49%
145
49%
146
49%
147
49%
142
48%
143
48%
148
48%
150
48%
149
46%
155
41%
151
39%
156
38%
157
38%
166
38%
152
36%
153
36%
154
36%
158
36%
160
36%
161
33%
167
33%
181
33%
200
33%
159
31%
163
31%
165
31%
177
31%
199
31%
162
30%
164
30%
168
30%
169
30%
170
30%
188
30%
171
28%
192
28%
191
26%
193
26%
194
26%
179
25%
186
25%
198
25%
172
23%
176
23%
178
23%
180
23%
182
23%
183
23%
187
23%
189
23%
190
23%
195
23%
196
23%
197
23%
173
21%
174
21%
175
21%
184
21%
185
20%
No matching quizzes found
Score Distribution
Percent of People with Each Score
Percentile by Number Answered
Your Score History
You have not taken this quiz